Statistics for Mastermind Challenge: Rollercoaster Edition

Click here to take the quiz!

General Stats

  • This quiz has been taken 61 times
  • The average score is 8 of 10

Answer Stats

QuestionAnswer% Correct
What is the world's tallest rollercoaster, known for its breathtaking drop and towering height?Kingda Ka
95%
Which rollercoaster holds the record for the world's longest steel coaster track?Steel Dragon 2000
92%
Which type of rollercoaster features a track that is positioned above the riders, providing a unique, feet-dangling experience?Inverted coaster
89%
Which rollercoaster type features cars that spin freely on a horizontal axis, providing a dynamic and unpredictable ride experience?Spinning Coaster
89%
Which rollercoaster manufacturer is known for its 4D coasters, featuring seats that rotate independently of the track?S&S Worldwide
87%
Which rollercoaster element involves an inverted, corkscrew-like maneuver that turns riders upside down?Zero-G Roll
87%
What is the steepest drop angle ever recorded on a rollercoaster?121.5 degrees
82%
Which amusement park is home to the iconic wooden coaster named "The Beast," known for its long track and nighttime rides?Kings Island
79%
What is the term for a rollercoaster that reaches a height of 200 feet tall to 299 feet tall?Hyper Coaster
76%
Which rollercoaster is known for its distinctive "launched" start, propelling riders from 0 to 128 miles per hour in 3.5 seconds?Kingda Ka
39%

Score Distribution

Percentile by Number Answered

Percent of People with Each Score

Your Score History

You have not taken this quiz